Statistics for IM NAYEON: song titles

Click here to take the quiz!

General Stats

  • This quiz has been taken 9 times
  • The average score is 5 of 7

Answer Stats

HintAnswer% Correct
1POP!
100%
3LOVE COUNTDOWN FT. WONSTEIN
89%
6HAPPY BIRTHDAY TO YOU
78%
2NO PROBLEM FT. FELIX
78%
5ALL OR NOTHING
67%
7SUNSET
67%
4CANDYFLOSS
56%

Score Distribution

Percentile by Number Answered

Percent of People with Each Score

Your Score History

You have not taken this quiz